000 00942nam a2200253Ia 4500
003 OSt
005 20221005113348.0
006 a|||||r|||| 00| 0
007 ta
008 221004b |||||||| |||| 00| 0 pan d
020 _a9788179824764 (hbk)
_cINR 200.00
024 _a33029
037 _b783, 27/02/2017, H.K. Prakashan
_cTextual
040 _aCRL
_cCRL
_bpan
041 _2pan
_apan
082 _aO153:g, Q6
100 _aਅਮਨਦੀਪ ਕੌਰ, ਂਚ.
245 0 _aਸਮਕਾਲੀ ਪੰਜਾਬੀ ਸਾਹਿਤ
_b ਸਰੋਕਾਰ ਤੇ ਵਿਚਾਰਧਾਰਾ
260 _aਬਰਨਾਲਾ
_bਤਰਕਭਾਰਤੀ ਪ੍ਰਕਾFਨ ਭਾਰਤ
_c2016
300 _a127ਪ੍ਰ0
_ccm.
650 _a ਪੰਜਾਾਬੀ ਸਾਹਿਤ
942 _hO153:g, Q6
_cTEXL
_2cc
999 _c1027911
_d1027911